MARC

Tag First Indicator Second Indicator Subfields
LEADER 00000cas a2200000 a 4500
001 in00000307521
005 20151010151303.0
008 761120d19uu1977nyuar1 0uuua0eng
010 |a  76643241  
012 |a 4 
022 |a 0363-938X 
035 |a (OCoLC)02570909 
035 |9 ABH9405AM 
040 |a DLC  |c DLC  |d DLC  |d NST  |d OCL  |d NSD  |d TXA  |d UtOrBLW 
042 |a lc  |a nsdp 
049 |a TXAE 
050 0 0 |a HQ763  |b .A8a 
082 0 |a 301.32/1 
110 2 |a Association for Population/Family Planning Libraries and Information Centers. 
210 0 |a Proc. annu. conf. - Assoc. Popul./Fam. Plann. Libr. Inf. Centers 
222 0 |a Proceedings, annual conference - Association for Population/Family Planning Libraries and Information Centers 
245 1 0 |a Proceedings of the annual conference. 
264 1 |a New York :  |b Association for Population/Family Planning Libraries and Information Centers,  |c  -1977. 
300 |a volumes ;  |c 28 cm. 
310 |a Annual 
336 |a text  |b txt  |2 rdacontent 
337 |a unmediated  |b n  |2 rdamedia 
338 |a volume  |b nc  |2 rdacarrier 
362 0 |a -10th (1977). 
500 |a Evans' description based on: 10th (1977). 
650 0 |a Birth control  |x Information services  |x Congresses. 
650 0 |a Birth control  |x Documentation  |x Congresses. 
785 0 0 |a Association for Population/Family planning Libraries and Information Centers, International. Conference.  |t Proceedings of the ... annual conference  |x 1054-2531  |w (DLC) 86640315  |w (OCoLC)5586480 
948 |a t1 
999 |a MARS 
999 f f |s d321601d-d1ad-3f8e-8218-5327af87cf73  |i e311321d-0488-3efe-b9ab-3068723711c0  |t 0 
952 f f |p ric  |a Texas A&M University  |b Rellis Campus  |c Joint Library Facility  |d Remote Storage  |t 0  |e HQ763 .A8a  |h Library of Congress classification  |i unmediated -- volume  |k 10th  |l 1977  |m A14808195563 
998 f f |a HQ763 .A8a  |s 10th (1977)  |t 0  |l Remote Storage